| 000 | 00538nam a2200181Ia 4500 | ||
|---|---|---|---|
| 003 | GCL | ||
| 008 | 140319s9999 xx 000 0 eng d | ||
| 040 |
_aGCL / _cGCL |
||
| 082 | 0 | 4 |
_a150.1952 _bM F |
| 100 | 1 | _aMC GUIRE, WILLIAM | |
| 245 | 1 | 0 |
_aTHE FREUD, JUNG LETTERS: THE CORRESPONDENCE BETWEEN SIGMUND FREUD AND C.G. JUNG / _cMC GUIRE, WILLIAM |
| 260 |
_a[S.N] : _bPRINCETON UNIVERSITY PRESS ، _c1994 |
||
| 300 | _a283 P | ||
| 650 | 0 | 4 | _aPSYCHOANALYSIS |
| 650 | 0 | 4 | _aFREUD, S.(1856 - 1939) |
| 650 | 0 | 4 | _aJUGGLING |
| 942 |
_2ddc _cBK |
||
| 999 |
_c25203 _d25203 |
||